Nákupné správanie mladých spotrebiteľov. Ako často nakupujú? (prípadová štúdia z Bratislavy)
Analýza frekvencie nakupovania mladých spotrebiteľov v porovnaní so všetkými spotrebiteľmi na území mesta Bratislava. Podobnosti a rozdiely vo frekvencii nákupov týchto dvoch skupín spotrebiteľov.
Salvato in:
| Autore principale: | |
|---|---|
| Altri autori: | , |
| Natura: | Capitolo di libro |
| Lingua: | slovacco |
| Soggetti: | |
| Tags: |
Nessun Tag, puoi essere il primo ad aggiungerne!!
|
MARC
| LEADER | 00000naa a2200000 4500 | ||
|---|---|---|---|
| 001 | 0229726 | ||
| 005 | 20221019172823.8 | ||
| 041 | 0 | |a slo | |
| 044 | |a SK | ||
| 245 | 1 | 0 | |a Nákupné správanie mladých spotrebiteľov. Ako často nakupujú? |b (prípadová štúdia z Bratislavy) |c František Križan, Peter Barlík, Kristína Bilková |
| 520 | |a Analýza frekvencie nakupovania mladých spotrebiteľov v porovnaní so všetkými spotrebiteľmi na území mesta Bratislava. Podobnosti a rozdiely vo frekvencii nákupov týchto dvoch skupín spotrebiteľov. | ||
| 610 | 2 | 0 | |a spotrebitelia |
| 610 | 2 | 0 | |a správanie spotrebiteľa |
| 610 | 2 | 0 | |a nákup |
| 610 | 2 | 0 | |a mestá |
| 100 | 1 | |a Križan, František | |
| 700 | 1 | |a Barlík, Peter | |
| 700 | 1 | |a Bilková, Kristína | |